Between Psychology and Philosophy (Record no. 76556)
[ view plain ]
| 000 -LEADER | |
|---|---|
| fixed length control field | 00625nam a2200181Ia 4500 |
| 008 - FIXED-LENGTH DATA ELEMENTS--GENERAL INFORMATION | |
| fixed length control field | 220705s9999||||xx |||||||||||||| ||und|| |
| 020 ## - INTERNATIONAL STANDARD BOOK NUMBER | |
| International Standard Book Number | 978-3-030-22502-5 |
| 020 ## - INTERNATIONAL STANDARD BOOK NUMBER | |
| International Standard Book Number | 978-3-030-22503-2 |
| 040 ## - CATALOGING SOURCE | |
| Transcribing agency | Springer |
| 041 ## - LANGUAGE CODE | |
| Language code of text/sound track or separate title | English |
| 100 ## - MAIN ENTRY--PERSONAL NAME | |
| Personal name | Michael Slote |
| 245 #0 - TITLE STATEMENT | |
| Title | Between Psychology and Philosophy |
| 260 ## - PUBLICATION, DISTRIBUTION, ETC. | |
| Name of publisher, distributor, etc. | Springer International Publishing |
| Date of publication, distribution, etc. | 2020 |
| 490 ## - SERIES STATEMENT | |
| Series statement | Palgrave Studies in Comparative East-West Philosophy |
| International Standard Serial Number | 2662-2386 |
| 650 ## - SUBJECT ADDED ENTRY--TOPICAL TERM | |
| Topical term | Philosophy and Religion |
| 856 ## - ELECTRONIC LOCATION AND ACCESS | |
| DOI | <a href="https://doi.org/10.1007/978-3-030-22503-2">https://doi.org/10.1007/978-3-030-22503-2</a> |
| Uniform Resource Identifier | <a href="https://link.springer.com/openurl?genre=book&isbn=978-3-030-22503-2">https://link.springer.com/openurl?genre=book&isbn=978-3-030-22503-2</a> |
| 942 ## - ADDED ENTRY ELEMENTS (KOHA) | |
| Koha item type | E-Books |
No items available.
